| Tag |
First Indicator |
Second Indicator |
Subfields |
| LEADER |
00000cam a2200000Ka 4500 |
| 001 |
in00002667775 |
| 005 |
20210727155644.0 |
| 006 |
m d |
| 007 |
cr cn| |
| 008 |
110331s2011 gw ob 001 0 eng d |
| 020 |
|
|
|a 3642175511 (electronic bk.)
|
| 020 |
|
|
|a 9783642175510 (electronic bk.)
|
| 035 |
|
|
|a (OCoLC)710153907
|
| 035 |
|
|
|a (OCoLC)ocn710153907
|
| 035 |
|
|
|a 3872149
|
| 037 |
|
|
|a 978-3-642-17550-3
|b Springer
|n http://www.springerlink.com
|
| 040 |
|
|
|a GW5XE
|b eng
|c GW5XE
|d UtOrBLW
|
| 049 |
|
|
|a TXAC
|
| 050 |
|
4 |
|a QA76.9.W43
|b N49 2011
|
| 082 |
0 |
4 |
|a 005.75/8
|2 22
|
| 245 |
0 |
0 |
|a New directions in web data management 1 /
|c Athena Vakali and Lakhmi C. Jain (Eds.).
|
| 264 |
|
1 |
|a Berlin ;
|a Heidelberg :
|b Springer,
|c [2011]
|
| 264 |
|
4 |
|c ©2011
|
| 300 |
|
|
|a 1 online resource.
|
| 336 |
|
|
|a text
|b txt
|2 rdacontent
|
| 337 |
|
|
|a computer
|b c
|2 rdamedia
|
| 338 |
|
|
|a online resource
|b cr
|2 rdacarrier
|
| 490 |
1 |
|
|a Studies in computational intelligence ;
|v v. 331
|
| 500 |
|
|
|a Electronic resource.
|
| 504 |
|
|
|a Includes bibliographical references and author index.
|
| 650 |
|
0 |
|a Database management.
|0 http://id.loc.gov/authorities/subjects/sh85035848
|
| 650 |
|
0 |
|a Web databases.
|0 http://id.loc.gov/authorities/subjects/sh00000131
|
| 655 |
|
7 |
|a Electronic books.
|2 local
|
| 700 |
1 |
|
|a Jain, L. C.
|0 http://id.loc.gov/authorities/names/n95096324
|
| 700 |
1 |
|
|a Vakali, Athena,
|d 1963-
|0 http://id.loc.gov/authorities/names/n2006045701
|
| 710 |
2 |
|
|a SpringerLink (Online service)
|0 http://id.loc.gov/authorities/names/no2005046756
|
| 830 |
|
0 |
|a Studies in computational intelligence ;
|v v. 331.
|0 http://id.loc.gov/authorities/names/no2005104439
|
| 856 |
4 |
0 |
|u http://proxy.library.tamu.edu/login?url=https://dx.doi.org/10.1007/978-3-642-17551-0
|z Connect to the full text of this electronic book
|t 0
|
| 994 |
|
|
|a 92
|b TXA
|
| 999 |
|
|
|a MARS
|
| 999 |
f |
f |
|s 485d1ec3-078f-3582-bec0-82f18ad2be93
|i eaca82a7-695c-3b59-ad4b-a75b3f3bfd2b
|t 0
|
| 952 |
f |
f |
|a Texas A&M University
|b College Station
|c Electronic Resources
|d Available Online
|t 0
|e QA76.9.W43 N49 2011
|h Library of Congress classification
|
| 998 |
f |
f |
|a QA76.9.W43 N49 2011
|t 0
|l Available Online
|